| 000 | 00457nam a2200169Ia 4500 | ||
|---|---|---|---|
| 003 | SGT | ||
| 020 | _a9780070701137 | ||
| 082 |
_a5.1 _bPRE |
||
| 100 | _aPressman,Roger S | ||
| 245 | _aSoftware engineering | ||
| 250 | _a6th,7th . Ed. | ||
| 260 |
_bTata McGraw Hill Education Private Limited _aNew Delhi _c2010 |
||
| 300 | _a912p. | ||
| 650 | _aCOMPUTER SCIENCE | ||
| 653 | _aTHE SOFTWARE PROCESS, APPLYING WEB ENGINEERING ,MANAGING | ||
| 942 |
_2ddc _cBK _011 |
||
| 999 |
_c5328 _d5328 |
||